| 000 -LEADER |
| fixed length control field |
00565cam a22001577a 4500 |
| 008 - FIXED-LENGTH DATA ELEMENTS--GENERAL INFORMATION |
| fixed length control field |
180718b1966 xxu||||| |||| 00| 0 eng d |
| 082 ## - DEWEY DECIMAL CLASSIFICATION NUMBER |
| Classification number |
B3x5406 M926/B259 |
| 100 ## - MAIN ENTRY--PERSONAL NAME |
| Personal name |
Beaglehole, T.H. |
| 245 ## - TITLE STATEMENT |
| Title |
Thomas Munro and the development of administrative policy in Madras, 1792-1818: the origins of `the Munro system' |
| Statement of responsibility, etc. |
by T.H. Beaglehole |
| 260 ## - PUBLICATION, DISTRIBUTION, ETC. |
| Place of publication, distribution, etc. |
London |
| Name of publisher, distributor, etc. |
Cmbridge Univ. Press |
| Date of publication, distribution, etc. |
1966 |
| 300 ## - PHYSICAL DESCRIPTION |
| Extent |
183p. |
| 500 ## - GENERAL NOTE |
| General note |
35/- |
| 650 ## - SUBJECT ADDED ENTRY--TOPICAL TERM |
| Topical term or geographic name entry element |
Madras (India) --History. |
| 650 ## - SUBJECT ADDED ENTRY--TOPICAL TERM |
| Topical term or geographic name entry element |
Madras (India) --Politics and government |
| 650 ## - SUBJECT ADDED ENTRY--TOPICAL TERM |
| Topical term or geographic name entry element |
Munro, Thomas, Sir, 1761-1827 |